Between Patent and Child (Record no. 2337)
[ view plain ]
| 000 -LEADER | |
|---|---|
| fixed length control field | 00221nam a22000857a 4500 |
| 008 - FIXED-LENGTH DATA ELEMENTS--GENERAL INFORMATION | |
| fixed length control field | 160712b xxu||||| |||| 00| 0 eng d |
| 100 ## - MAIN ENTRY--PERSONAL NAME | |
| 9 (RLIN) | 2688 |
| Personal name | Ginott, H.G |
| 245 ## - TITLE STATEMENT | |
| Title | Between Patent and Child |
| 260 ## - PUBLICATION, DISTRIBUTION, ETC. (IMPRINT) | |
| Place of publication, distribution, etc. | Can |
| Name of publisher, distributor, etc. | Macmillan |
| Date of publication, distribution, etc. | 1965 |
| Withdrawn status | Lost status | Source of classification or shelving scheme | Damaged status | Not for loan | Home library | Current library | Shelving location | Date acquired | Total Checkouts | Full call number | Barcode | Date last seen | Date last checked out | Price effective from | Koha item type |
|---|---|---|---|---|---|---|---|---|---|---|---|---|---|---|---|
| Dewey Decimal Classification | Good Samaritan School Library | Good Samaritan School Library | PSYCHOLOGY | 07/12/2016 | 1 | 150 | GIN3275 | 02/06/2017 | 02/02/2017 | 07/12/2016 | BOOK |